Statistieken voor hoofdsteden Afrika toets lein

Klik hier om de quiz te nemen!

Algemene statistieken

  • Deze quiz is 59 keer genomen
  • De gemiddelde score is 20 van 33

Antwoordstatistieken

HintAntwoord% Correct
EgypteCaïro
93%
AlgerijeAlgiers
87%
TunesiëTunis
87%
KeniaNairobi
80%
MarokkoRabat
80%
Congo-BrazzavilleBrazzaville
73%
DjiboutiDjibouti
73%
Congo-KinshasaKinshasa
73%
Zuid-AfrikaPretoria,Bloemfontein, Kaapstad
73%
LibiëTripoli
73%
EthiopiëAddis Abeba
67%
GambiaBanjul
67%
Sierra LeoneFreetown
67%
SenegalDakar
60%
OegandaKampala
60%
AngolaLuanda
60%
IvoorkustYamoussoukro
60%
KameroenYaoundé
60%
EritreaAsmara
53%
RwandaKigali
53%
NigerNiamey
53%
Burkina FasoOuagadougou
53%
TanzaniaDodoma
47%
BurundiGitega
47%
SoedanKhartoem
47%
ZambiaLusaka
47%
SomaliëMogadishu
47%
LiberiaMonrovia
47%
MauritaniëNouakchott
47%
MaliBamako
40%
Zuid-SoedanDjoeba
40%
ZimbabweHarare
40%
NigeriaAbuja
33%

Scoreverdeling

Percentiel versus Aantal Correcte Antwoorden

Procent van Mensen met Elke Score

Uw Scoregeschiedenis

U heeft deze quiz nog niet genomen